000 01023nam a2200253 a 4500
005 20180803165141.0
008 140313b1999 sz ||||gr|||| 00| 0 eng d
040 _aCO-BoIAVH
_cCO-BoIAVH
041 _aspa
044 _asz
082 4 _a352.749
_bB63q
090 _aLB
_b03749
100 1 _aBlakeney, Michael
245 1 _a¿Qué es el conocimiento tradicional?, ¿por qué se le debe proteger?, ¿quién debe protegerlo?, ¿para quién?
_bcomprensión de la cadena de valores
_cMesa redonda sobre la propiedad intelectual y los conocimientos tradicionales
260 _aGinebra
_bOrganización Mundial de la Propiedad Intelectual
_c1999
300 _a160 pasginas.;
_bilustraciones.;
_c28 x 23 cm
650 4 _aConocimiento tradicional
650 4 _aPropiedad intelectual
650 4 _aRecursos genéticos
650 4 _aProtección del conocimiento tradicional
650 4 _aProtección de derechos de propiedad intelectual
942 _cLIBRO
_2ddc
945 _d2004-08-13
999 _c4049
_d4049